Memorias de Adriano /

Guardado en:
Autor Principal: Youcenar, Marguerite.
Formato: Libro
Idioma:Undetermined
Publicado: Barcelona : Planeta, c2001.
Series:La Nación
Materias:
Etiquetas: Agregar Etiqueta
Sin Etiquetas, Sea el primero en etiquetar este registro!
LEADER 00553nam a22001815a 4500
001 CEM.cems024425
008 241217s2001####sp############000#0#und#d
005 20241217161811.0
245 1 0 |a Memorias de Adriano /  |c Marguerite Youcenar. 
260 |a Barcelona :  |b Planeta,  |c c2001. 
300 |a 272 p. 
490 1 |a La Nación 
500 |a Título original: Mémoires d'Hadrien. 
020 |a 843959027X 
100 1 |a Youcenar, Marguerite. 
653 |a Literatura francesa 
653 |a Novela francesa 
859 |a CEMS  |b BIB. CEMS - 11 de abril  |h 843  |i Y88-3  |p 26599.13  |t Ej.1